| 000 | 01430cam a22003977a 4500 | ||
|---|---|---|---|
| 003 | CHAP | ||
| 005 | 20220329141847.0 | ||
| 008 | 980313d1997 mx r 00110 spa d | ||
| 010 | _a74926 | ||
| 011 | _a75898 | ||
| 035 | _a85471 | ||
| 040 | _cCHAP | ||
| 090 | _aTesis | ||
| 100 | 0 | 0 |
_aPotrero Andrade, Sandra Miryam. _991130 |
| 245 | 1 | 0 |
_aProducción de germinados de ajonjolí (Sesamun indicum L.) y calabaza (Cucurbita pepo L.) _c/por Sandra Miryam Potrero Andrade |
| 260 |
_aChapingo, Méx. : _bEl autor, _c1997. |
||
| 300 | _a76 h. | ||
| 502 | _aTesis (Ing. Agr. Esp. en Fitotecnia) -- UACH. Departamento de Fitotecnia | ||
| 590 |
_aALEPH _b10 _c20130110 _lUCH01 _h1422 |
||
| 590 |
_aBATCH-UPD _b10 _c20130110 _lUCH01 _h0749 |
||
| 590 |
_aBATCH-UPD _b10 _c20130110 _lUCH01 _h2347 |
||
| 590 |
_aBATCH-UPD _b10 _c20130410 _lUCH01 _h0430 |
||
| 590 |
_aBATCH-UPD _b10 _c20130913 _lUCH01 _h2331 |
||
| 590 |
_aCONVERSION _b10 _c20130109 _lUCH01 _h1341 |
||
| 650 | 1 | 4 |
_aAjonjolí _xGerminados. _93237 |
| 650 | 1 | 4 |
_aAjonjolí _xSemilla. _93251 |
| 650 | 1 | 4 |
_aCalabaza _xGerminados. _917276 |
| 650 | 1 | 4 |
_aCalabaza _xSemilla. _917296 |
| 650 | 1 | 4 |
_aGerminación _xEfecto de la sal. _947756 |
| 901 | _aBK | ||
| 905 | _aLilia Sánchez G. | ||
| 942 | _cFOLL | ||
| 949 |
_bBC _cTES _d33724000586012 _eTS2 _fc.2 _h32391 _i85471 _sb |
||
| 949 |
_bBC _cTES _d33724000768446 _eTS2 _fc.3 _h33887 _i85471 _si |
||
| 949 |
_bBC _cTES _d854711 _eTS1 _h32390 _i85471 _sb |
||
| 999 |
_c74926 _d74926 |
||